Data mining (رقم التسجيلة. 31221)

تفاصيل مارك
000 -الفاتح
حقل البيانات ثابتة الطول 01500cam a2200421 a 4500
001 - رقم الضبط
رقم الضبط 10165535
003 - محدد رقم الضبط
رقم الضبط OSt
005 - وقت وتاريخ اخر تعامل مع التسجيلة
رقم الضبط 20170110094820.0
006 - عناصر البيانات ثابتة الطول - خصائص المادة الاضافية-معلومات عامة
حقل البيانات ثابتة الطول m o d
007 - الحقل الثابت للوصف المادى- معلومات عامة
حقل البيانات ثابتة الطول cr zn|
008 - عناصر البيانات ثابتة الطول - معلومات عامة
حقل البيانات ثابتة الطول 131016s2012 maua sb 001 0 eng d
020 ## - الرقم الدولى المعيارى للكتب
الرقم الدولى المعيارى للكتاب 9789380931913
020 ## - الرقم الدولى المعيارى للكتب
الرقم الدولى المعيارى للكتاب الملغى /الخاطئ 9789380931913
035 ## - رقم ضبط النظام
رقم ضبط النظام (CtWfDGI)bks00044712
035 ## - رقم ضبط النظام
رقم ضبط النظام (NNC)10165535
040 ## - مصدر الفهرسة
وكالة الفهرسة الأصلية CtWfDGI
لغة الفهرسة eng
وكالة النسخ CtWfDGI
082 04 - رقم تصنيف ديوى العشرى
رقم التصنيف 006.312
رقم المادة HJD
رقم الطبعة 22
100 1# - المدخل الرئيسى - إسم شخصى
الإسم الشخصى Han, Jiawei.
9 (RLIN) 36704
245 10 - بيان العنوان
العنوان Data mining
بقية العنوان concepts and techniques, third edition /
بيان المسئوليه,etc Jiawei Han, Micheline Kamber, Jian Pei.
250 ## - بيان الطبعة
بيان الطبعة 3rd ed.
256 ## - خصائص ملف الحاسب
خصائص ملف الحاسب Computer document.
260 ## - PUBLICATION, DISTRIBUTION, ETC. (IMPRINT)
مكان الناشر او الموزع Waltham, Mass. :
اسم الناشر او الموزع Morgan Kaufmann Publishers,
تاريخ النشر أو التوزيع c2012
مكان الصناعة (Norwood, Mass. :
المنتج Books24x7.com [generator])
300 ## - الوصف المادى
التعداد . : xxxv, 703 p
تفاصيل ماديه اخرى للوعاء ill ;
أبعاد الوعاء 25 cm.
490 1# - بيان السلسلة
عنوان السلسلة The Morgan Kaufmann series in data management systems
504 ## - تبصرة ببليوجرافية
تبصرة ببليوجرافية,الخ Includes bibliographical references and index.
516 ## - تبصرة نوع البيانات او ملفات الحاسب
تبصرة نوع أو بيانات ملف الحاسب Text.
530 ## - تبصرة أشكال مادية أخرى متاحة
اشكال ماديه اخرى متاحة للعنصر Available also in a print ed.
538 ## - تبصرة تفاصيل النظام
تبصرة التفاصيل الفنية لملف الحاسب Mode of access: Internet via World Wide Web.
550 ## - تبصرة الهيئة الناشرة
تبصرة الهيئة الناشرة Digitized and made available by: Books24x7.com.
650 #0 - المدخل الاضافى بالموضوع-مصطلح موضوعى
مصطلح موضوعي أو اسم جغرافي كعنصر مدخل Data mining.
9 (RLIN) 57310
700 1# - المدخل الاضافى - اسم شخصى
الإسم الشخصى Kamber, Micheline.
رمز الرابط aut
9 (RLIN) 36706
700 1# - المدخل الاضافى - اسم شخصى
الإسم الشخصى Pei, Jian.
رمز الرابط aut
9 (RLIN) 37807
710 2# - المدخل الاضافى - اسم هيئه
اسم الهيئة أو اسم السلطة كمدخل Books24x7, Inc.
9 (RLIN) 17232
830 #0 - المدخل الاضافى بالسلسلة -عنوان موحد
عنوان موحد Morgan Kaufmann series in data management systems.
9 (RLIN) 37808
856 40 - الوصول و الموقع الالكترونى
معرف المصدر الموحد <a href="http://www.columbia.edu/cgi-bin/cul/resolve?clio10165535">http://www.columbia.edu/cgi-bin/cul/resolve?clio10165535</a>
تبصرة عامة Click here for full text.
942 ## - عناصر المدخل الإضافي( كوها)
مصدر التصنيف او مخطط الترفيف Dewey Decimal Classification
Koha [default] item type كتاب
المقتنيات
حالة الفقد نموذج السعر الفعال حالة تلف ليس للاعارة رقم الطلب رقم النسخة تاريخ الاكتساب الموقع الحالي الباركود الفرع الرئيسي Date last seen نوع المادة فى نظام كوها مصدر التصنيف او خطة الترفيف Total Checkouts
  2013-10-16   Not For Loan 006.312 HJD 1 2013-10-16 المكتبة المركزية بالمجمعة (CL) 00206389 المكتبة المركزية بالمجمعة (CL) 2013-10-16 كتاب Dewey Decimal Classification  
  2013-10-16     006.312 HJD 2 2013-10-16 المكتبة المركزية بالمجمعة (CL) 00206388 المكتبة المركزية بالمجمعة (CL) 2013-10-16 كتاب Dewey Decimal Classification  
  2013-10-16     006.312 HJD 3 2013-10-16 المكتبة المركزية بالمجمعة (CL) 00206387 المكتبة المركزية بالمجمعة (CL) 2013-10-16 كتاب Dewey Decimal Classification